000 00596cab a2200229 4500
001 WB3217-42
008 090401t1996 xxu||||| |||| 00| 0 eng d
035 _a(Sirsi) u8561
041 _aeng
245 _aCattle slaughter scheme details
260 _c1996
350 _a0
490 _aMAFF News Release
_v155/96 1 May 1996, (3)
520 _aDetails the Government`s 30 month cattle slaughter scheme following the BSE crisis.
650 _aBSE
650 _aCATTLE
650 _aCULL
650 _aSLAUGHTER SCHEME
690 _aRURAL PRACTICE
942 _n0
948 _c04/03/1997
999 _c5294
_d5294